[Event "POL-chT 2nd League"]
[Site "Jastrzebia Gora"]
[Date "2022.09.09"]
[Round "7.74"]
[White "Paczka, Patryk"]
[Black "Luba, Lukasz"]
[Result "1/2-1/2"]
[WhiteElo "1916"]
[BlackElo "2095"]
[PlyCount "106"]
[EventDate "2022.09.03"]
[EventType "team-swiss"]
[EventRounds "9"]
[EventCountry "POL"]
[SourceTitle "CBM 210 Extra"]
[Source "ChessBase"]
[SourceDate "2022.11.30"]
[SourceVersion "1"]
[SourceVersionDate "2022.11.30"]
[SourceQuality "1"]
[WhiteTeam "Lipno Steszew"]
[BlackTeam "Radkow Giecek"]
[WhiteTeamCountry "POL"]
[BlackTeamCountry "POL"]

1. e4 c5 2. Nf3 e6 3. d4 cxd4 4. Nxd4 Nf6 5. Bd3 Nc6 6. Nxc6 bxc6 7. 0-0 e5 8. c4 Bc5 9. Nc3 d6 10. h3 h6 11. Be2 Be6 12. Qd3 Rb8 13. Rd1 Bd4 14. Be3 c5 15. b3 g5 16. Bxd4 cxd4 17. Nd5 Nd7 18. Bg4 h5 19. Bf5 g4 20. Qg3 Rg8 21. hxg4 Bxf5 22. exf5 Rxg4 23. Qf3 e4 24. Re1 Qh4 25. g3 e3 26. Kg2 Kf8 27. fxe3 Ne5 28. Qf4 Rxf4 29. gxh4 Rg4+ 30. Kh3 d3 31. e4 Nd7 32. Rad1 Ne5 33. Re3 a5 34. Nf6 a4 35. Nxg4 hxg4+ 36. Kg3 axb3 37. axb3 Rxb3 38. Kf4 f6 39. Rg3 Rc3 40. Ke3 Kg7 41. Kd4 Rxc4+ 42. Kd5 Kh6 43. Ke6 Rxe4 44. Kxf6 d5 45. h5 d4 46. Ke6 Re3 47. Rg2 Kg5 48. h6 Ng6+ 49. Kf7 Re7+ 50. Kg8 Re8+ 51. Kg7 Re7+ 52. Kg8 Re8+ 53. Kg7 Re7+ 1/2-1/2

[Event "EU-ch Blitz"]
[Site "Katowice"]
[Date "2021.12.17"]
[Round "9"]
[White "Papasimakopoulos, Alexandros"]
[Black "Paczka, Patryk"]
[Result "1-0"]
[WhiteElo "2259"]
[BlackElo "1933"]
[PlyCount "47"]
[EventDate "2021.12.17"]
[EventType "swiss (blitz)"]
[EventRounds "22"]
[EventCountry "POL"]
[SourceTitle "CBM 205 Extra"]
[Source "ChessBase"]
[SourceDate "2022.01.31"]
[SourceVersion "1"]
[SourceVersionDate "2022.01.31"]
[SourceQuality "1"]

1. d4 Nf6 2. c4 g6 3. Nc3 Bg7 4. e4 d6 5. f3 0-0 6. Nge2 Nbd7 7. Be3 c5 8. Qd2 Rb8 9. Nc1 a6 10. Nb3 cxd4 11. Bxd4 b6 12. Be2 Bb7 13. 0-0 Nc5 14. Rad1 Qc7 15. Rc1 Ba8 16. Rfd1 Ne6 17. Be3 Nc5 18. Bf1 Nfd7 19. Nd5 Qd8 20. Nd4 Bxd5 21. cxd5 Qe8 22. b4 Na4 23. Bxa6 Ne5 24. Bb5 1-0

[Event "EU-ch Blitz"]
[Site "Katowice"]
[Date "2021.12.17"]
[Round "12"]
[White "Paszewski, Mateusz"]
[Black "Paczka, Patryk"]
[Result "1-0"]
[WhiteElo "2300"]
[BlackElo "1933"]
[PlyCount "151"]
[EventDate "2021.12.17"]
[EventType "swiss (blitz)"]
[EventRounds "22"]
[EventCountry "POL"]
[SourceTitle "CBM 205 Extra"]
[Source "ChessBase"]
[SourceDate "2022.01.31"]
[SourceVersion "1"]
[SourceVersionDate "2022.01.31"]
[SourceQuality "1"]

1. c4 Nf6 2. g3 g6 3. b3 Bg7 4. Bb2 0-0 5. Nf3 d6 6. d4 a6 7. Bg2 Nc6 8. d5 Nb8 9. 0-0 Bg4 10. Nbd2 Bxf3 11. exf3 Nh5 12. Bxg7 Nxg7 13. Re1 e6 14. f4 c6 15. dxc6 Nxc6 16. Ne4 Nf5 17. Qd2 Qc7 18. Rad1 Rad8 19. Nf6+ Kg7 20. Qb2 e5 21. Nd5 Qb8 22. Be4 Nfd4 23. b4 b5 24. Rc1 Qa7 25. c5 f6 26. Red1 a5 27. cxd6 Rxd6 28. fxe5 fxe5 29. bxa5 Nxa5 30. Ne3 Nc4 31. Nxc4 bxc4 32. Rxc4 Rb6 33. Qd2 Rf7 34. Qe3 Qe7 35. Rcc1 Rb2 36. Rd2 Rxd2 37. Qxd2 Qf6 38. Qe3 Qb6 39. Re1 Qb2 40. Kg2 Qxa2 41. Bd3 Qd5+ 42. Be4 Qe6 43. Ba8 Qf5 44. Be4 Qe6 45. Ba8 Qf5 46. Bd5 Re7 47. Be4 Qe6 48. Ba8 Qf5 49. Be4 Qe6 50. Rb1 Qf6 51. Bd5 Nf5 52. Qb6 Nd4 53. Qxf6+ Kxf6 54. Rb6+ Kg7 55. h4 Nf5 56. Ra6 Nd4 57. Be4 Ne6 58. Ra8 Nd4 59. Bd5 Rd7 60. Bc4 Nf5 61. Rg8+ Kh6 62. Rf8 Nd6 63. Be6 Re7 64. Bd5 Kg7 65. Rd8 Nf5 66. Ra8 Rc7 67. Rg8+ Kh6 68. Re8 Rc2 69. Rxe5 Rd2 70. Be6 Nd4 71. Bg4 Kg7 72. Re7+ Kg8 73. Rd7 Nb3 74. Be6+ Kf8 75. Rf7+ Ke8 76. Bxb3 1-0

[Event "POL Cup op rapid"]
[Site "Lodz"]
[Date "2021.08.07"]
[Round "5"]
[White "Paczka, Patryk"]
[Black "Lach, Aleksandra"]
[Result "0-1"]
[WhiteElo "1933"]
[BlackElo "2183"]
[PlyCount "148"]
[EventDate "2021.08.07"]
[EventType "swiss (rapid)"]
[EventRounds "9"]
[EventCountry "POL"]
[SourceTitle "CBM 203 Extra"]
[Source "ChessBase"]
[SourceDate "2021.09.30"]
[SourceVersion "1"]
[SourceVersionDate "2021.09.30"]
[SourceQuality "1"]

1. e4 c5 2. d4 cxd4 3. c3 d3 4. c4 Nf6 5. Nc3 Nc6 6. Bxd3 d6 7. Nge2 g6 8. 0-0 Bg7 9. h3 0-0 10. Be3 b6 11. Qd2 Ne5 12. Rad1 Ba6 13. b3 Nxd3 14. Qxd3 Nd7 15. Nd4 Bb7 16. Nd5 e6 17. Nc3 a6 18. Nde2 Nc5 19. Qxd6 Qh4 20. Bxc5 bxc5 21. Qxc5 Rac8 22. Qb6 Bxe4 23. Nxe4 Qxe4 24. Ng3 Qc2 25. Qxa6 Ra8 26. Qb6 Rxa2 27. c5 Rb2 28. b4 h5 29. Rc1 Qd3 30. Rfd1 Rd2 31. Rxd2 Qxd2 32. Rf1 Be5 33. c6 Rb8 34. Qc5 Bd6 35. c7 Rc8 36. Ne4 Bxc5 37. Nxd2 Bxb4 38. Ne4 Rxc7 39. Nf6+ Kf8 40. Rd1 Be7 41. Ne4 f5 42. Ng3 Rc2 43. Nf1 Kf7 44. Rd2 Rc1 45. g3 Bb4 46. Rb2 Bc5 47. Kg2 Kf6 48. Nd2 Bd4 49. Ra2 Rc3 50. Nf3 Bc5 51. Re2 g5 52. Ne5 Bd4 53. Nf3 Ba7 54. Ne5 f4 55. Nd7+ Ke7 56. gxf4 gxf4 57. Ne5 Bb8 58. Nf3 Kf6 59. Re4 e5 60. Rb4 Bc7 61. Rb7 e4 62. Ne1 Kf5 63. Rb5+ Be5 64. Kf1 Rxh3 65. Ke2 Ra3 66. f3 Ra2+ 67. Kf1 h4 68. fxe4+ Kxe4 69. Rb4+ Bd4 70. Rc4 Kd5 71. Rc2 Ra1 72. Ke2 Ke4 73. Nf3 h3 74. Nxd4 h2 0-1

[Event "POL-chT3 Wielkopolskie 1415"]
[Site "Poland"]
[Date "2015.02.01"]
[Round "6.34"]
[White "Kaczmarek, Piotr"]
[Black "Paczka, Patryk"]
[Result "0-1"]
[WhiteElo "1813"]
[BlackElo "1876"]
[PlyCount "178"]
[EventDate "2014.11.30"]
[EventType "team-tourn"]
[EventRounds "11"]
[EventCountry "POL"]
[SourceTitle "EXT 2019"]
[Source "ChessBase"]
[SourceDate "2018.10.10"]
[SourceVersion "1"]
[SourceVersionDate "2018.10.10"]
[SourceQuality "1"]

1. e4 c5 2. Nf3 Nc6 3. d4 cxd4 4. Nxd4 Nf6 5. Nc3 e5 6. Nb3 Bb4 7. Bd3 h6 8. Bd2 Bxc3 9. Bxc3 0-0 10. 0-0 d5 11. Qe2 d4 12. Bd2 a6 13. h3 g5 14. h4 Nh7 15. Qh5 Qf6 16. hxg5 hxg5 17. g3 Rd8 18. f4 gxf4 19. gxf4 Qg7+ 20. Kh2 Nf6 21. Qg5 Qxg5 22. fxg5 Ne8 23. Kg3 Rd6 24. Rf2 Rg6 25. Kh4 b6 26. Be2 Ng7 27. Raf1 Be6 28. Rf6 Ra7 29. Bg4 Nd8 30. Nc1 Ne8 31. R6f2 f6 32. Bf5 Rh7+ 33. Kg3 Bxf5 34. exf5 Rgg7 35. g6 Rh8 36. Bb4 a5 37. Bd2 Nd6 38. Re1 e4 39. Rff1 e3 40. Bxe3 dxe3 41. Rxe3 Rh5 42. Kg4 Rg5+ 43. Kh4 Rd7 44. Ref3 Nc6 45. c3 Ne5 46. Rf4 Ndc4 47. Ne2 Rd2 48. R1f2 Nxb2 49. Nd4 Rxf2 50. Rxf2 Nd1 51. Rf1 Ne3 52. Rf2 Nd3 53. Rf3 Rg4+ 54. Kh3 Nf4+ 55. Kh2 Nd1 56. Rg3 Rh4+ 57. Kg1 Nh5 58. Rg2 Nxc3 59. Ne6 Nf4 60. Rd2 Nxe6 61. fxe6 Re4 62. Rd6 Na4 63. e7 Kg7 64. Rd4 Rxe7 65. Rxa4 Re2 66. Kf1 Rb2 67. a3 Kxg6 68. Rc4 Rb3 69. a4 Rb2 70. Ke1 f5 71. Kf1 Kg5 72. Rd4 f4 73. Rd8 Kg4 74. Rd3 Ra2 75. Rb3 Rxa4 76. Rxb6 Ra2 77. Kg1 Kg3 78. Rg6+ Kf3 79. Re6 Ra1+ 80. Kh2 a4 81. Rc6 Re1 82. Rc4 a3 83. Rc3+ Re3 84. Rc6 a2 85. Ra6 Re2+ 86. Kh3 Rb2 87. Ra3+ Ke4 88. Kg4 f3 89. Kg3 f2 0-1

[Event "POL-chT3 Wielkopolskie 1415"]
[Site "Poland"]
[Date "2014.12.07"]
[Round "3.16"]
[White "Paczka, Patryk"]
[Black "Purzycki, Jan Dawid"]
[Result "1-0"]
[WhiteElo "1876"]
[BlackElo "2039"]
[PlyCount "73"]
[EventDate "2014.11.30"]
[EventType "team-tourn"]
[EventRounds "11"]
[EventCountry "POL"]
[SourceTitle "EXT 2019"]
[Source "ChessBase"]
[SourceDate "2018.10.10"]
[SourceVersion "1"]
[SourceVersionDate "2018.10.10"]
[SourceQuality "1"]

1. e4 c6 2. d4 d5 3. exd5 cxd5 4. Bd3 Nc6 5. c3 Nf6 6. Bf4 Bg4 7. Qb3 Qd7 8. Nd2 e6 9. Ngf3 Bxf3 10. Nxf3 a6 11. 0-0 Be7 12. Rae1 0-0 13. Ne5 Nxe5 14. Bxe5 g6 15. Qd1 Ne8 16. Re3 Bd6 17. Qg4 Bxe5 18. dxe5 Qe7 19. Rfe1 Ng7 20. Rf3 f5 21. exf6 Rxf6 22. Rxf6 Qxf6 23. Qb4 Rf8 24. Qb6 Qg5 25. Bf1 Qf5 26. c4 Rf7 27. g3 h5 28. cxd5 Qxd5 29. a3 Kh7 30. Bg2 Qd2 31. Rf1 Qd7 32. h4 e5 33. Re1 Re7 34. Be4 Nf5 35. Qf6 Qd6 36. Qg5 Ng7 37. Bxg6+ 1-0

[Event "Poznan op 22nd"]
[Site "Poznan"]
[Date "2014.08.12"]
[Round "5"]
[White "Niemier, Hubert"]
[Black "Paczka, Patryk"]
[Result "0-1"]
[WhiteElo "1427"]
[BlackElo "1860"]
[PlyCount "68"]
[EventDate "2014.08.09"]
[EventType "swiss"]
[EventRounds "9"]
[EventCountry "POL"]
[SourceTitle "CBM 161 Extra"]
[Source "ChessBase"]
[SourceDate "2014.08.29"]
[SourceVersion "1"]
[SourceVersionDate "2014.08.29"]
[SourceQuality "1"]

1. d4 Nf6 2. c4 g6 3. Nc3 Bg7 4. Nf3 0-0 5. e4 d6 6. h3 a5 7. Bd3 Na6 8. a3 e5 9. d5 Nc5 10. Bc2 b6 11. Bg5 h6 12. Be3 Ba6 13. Qe2 a4 14. Nd2 Nfd7 15. Nxa4 f5 16. Nxc5 bxc5 17. f3 f4 18. Bf2 Rb8 19. b3 Nf6 20. 0-0 g5 21. Rfb1 h5 22. b4 cxb4 23. axb4 Bc8 24. c5 g4 25. Qf1 g3 26. Be1 Ng4 27. c6 Qh4 28. Qe2 Ne3 29. Bd3 Bxh3 30. gxh3 Qxh3 31. Nc4 g2 32. Bd2 Qh1+ 33. Kf2 g1Q+ 34. Rxg1 Qh4+ 0-1

[Event "Wroclaw op 9th"]
[Site "Wroclaw"]
[Date "2014.06.29"]
[Round "3"]
[White "Paczka, Patryk"]
[Black "Rossienik, Wieslaw"]
[Result "1-0"]
[WhiteElo "1815"]
[BlackElo "1498"]
[PlyCount "139"]
[EventDate "2014.06.29"]
[EventType "swiss"]
[EventRounds "9"]
[EventCountry "POL"]
[SourceTitle "EXT 2015"]
[Source "ChessBase"]
[SourceDate "2014.11.20"]
[SourceVersion "1"]
[SourceVersionDate "2014.11.20"]
[SourceQuality "1"]

1. e4 c5 2. Nf3 Nc6 3. d4 cxd4 4. Nxd4 Nf6 5. Nc3 d6 6. Bg5 e6 7. Qd2 a6 8. 0-0-0 h6 9. Bh4 Be7 10. f4 Bd7 11. Kb1 Qc7 12. Be2 b5 13. Bxf6 gxf6 14. Bh5 Nxd4 15. Qxd4 Bc6 16. Rhe1 Rd8 17. f5 e5 18. Qe3 Bf8 19. a3 Bb7 20. Nd5 Bxd5 21. Rxd5 Rc8 22. Qd2 Qb7 23. Re3 Rc4 24. b3 Rc8 25. Rc3 Rxc3 26. Qxc3 Be7 27. Qb4 Qc6 28. a4 0-0 29. axb5 axb5 30. Rxb5 Rc8 31. Bd1 d5 32. exd5 Qd7 33. Qa4 Qc7 34. Qa5 Qd7 35. Qa4 Qc7 36. Ra5 Qc3 37. Ra8 Rxa8 38. Qxa8+ Kg7 39. Qa6 e4 40. d6 Bd8 41. Qe2 Qd4 42. Qe1 Kh7 43. c3 Qxd6 44. Bc2 Qxh2 45. Bxe4 Qe5 46. Qe3 Qb5 47. Kb2 Bb6 48. Qd3 Qe8 49. b4 Bc7 50. Kb3 Be5 51. Qc4 Kg7 52. Bd5 Qe7 53. Qc6 Bd6 54. Qb7 Bc7 55. c4 Qd6 56. Ka4 Qe5 57. Kb5 h5 58. Qc6 Kh6 59. Qd7 Kg5 60. Qxf7 Qd6 61. Qe6 Qd8 62. Qg8+ Qxg8 63. Bxg8 Kxf5 64. Kc6 Be5 65. b5 Kg4 66. b6 Kg3 67. Bd5 h4 68. Kd7 h3 69. gxh3 Kxh3 70. c5 1-0

[Event "POL-chT3 Wielkopolskie 1314"]
[Site "Poland"]
[Date "2013.12.01"]
[Round "2.21"]
[White "Bernat, Marcin"]
[Black "Paczka, Patryk"]
[Result "1/2-1/2"]
[WhiteElo "2120"]
[BlackElo "1807"]
[PlyCount "135"]
[EventDate "2013.10.27"]
[EventType "team-tourn"]
[EventRounds "11"]
[EventCountry "POL"]
[SourceTitle "EXT 2015"]
[Source "ChessBase"]
[SourceDate "2014.11.20"]
[SourceVersion "1"]
[SourceVersionDate "2014.11.20"]
[SourceQuality "1"]
[WhiteTeam "Steszew Lipno"]
[BlackTeam "Trzcianka MKS przy MDK"]
[WhiteTeamCountry "POL"]
[BlackTeamCountry "POL"]

1. d4 Nf6 2. c4 g6 3. Nc3 Bg7 4. e4 d6 5. f3 0-0 6. Nge2 Nbd7 7. Bg5 h6 8. Be3 c5 9. Qd2 Kh7 10. Rd1 Qa5 11. dxc5 dxc5 12. Nc1 a6 13. Be2 Qc7 14. Nb3 b6 15. 0-0 Ne5 16. f4 Neg4 17. e5 Ng8 18. Nd5 Qa7 19. Bf3 Nxe3 20. Qxe3 e6 21. Nxb6 Rb8 22. Na4 Rb4 23. Qxc5 Qxc5+ 24. Nbxc5 Rxc4 25. Be2 Rb4 26. a3 Rb8 27. Nxa6 Bxa6 28. Bxa6 Ne7 29. Rd7 Nd5 30. b4 Kg8 31. Bb7 g5 32. g3 Ne3 33. Rc1 Rfd8 34. Rcc7 Rxd7 35. Rxd7 Nc4 36. Nc5 Nxa3 37. Na6 Re8 38. Bc6 Rc8 39. b5 Nc4 40. Bb7 Re8 41. Rd4 Nb6 42. Kf2 Re7 43. Rd8+ Bf8 44. Bc6 Ra7 45. Kf3 Kg7 46. Ke4 Be7 47. Rd4 Nc8 48. Rd3 Nb6 49. Rd4 Nc8 50. f5 exf5+ 51. Kxf5 Ba3 52. Nb8 Re7 53. Nd7 Bb2 54. Rb4 Bc3 55. Rb3 Bd4 56. Ke4 Bxe5 57. Kd5 Bc7 58. b6 Nxb6+ 59. Nxb6 Bxb6 60. Rxb6 Re2 61. h3 Re3 62. g4 Rxh3 63. Ke4 Rh1 64. Rb7 Rf1 65. Bd7 Re1+ 66. Kf5 Rf1+ 67. Ke5 Re1+ 68. Kf5 1/2-1/2

[Event "Poznan op 21st"]
[Site "Poznan"]
[Date "2013.08.14"]
[Round "9"]
[White "Bajerlein, Dawid"]
[Black "Paczka, Patryk"]
[Result "1/2-1/2"]
[WhiteElo "2100"]
[BlackElo "1774"]
[PlyCount "95"]
[EventDate "2013.08.07"]
[EventType "swiss"]
[EventRounds "9"]
[EventCountry "POL"]
[SourceTitle "CBM 155 Extra"]
[Source "ChessBase"]
[SourceDate "2013.08.26"]
[SourceVersion "1"]
[SourceVersionDate "2013.08.26"]
[SourceQuality "1"]

1. d4 Nf6 2. c4 g6 3. Nc3 Bg7 4. g3 0-0 5. Bg2 d6 6. Nf3 Bg4 7. 0-0 Nfd7 8. Ne1 Nb6 9. Bxb7 N8d7 10. Bg2 e5 11. d5 Nf6 12. h3 Bd7 13. b3 a5 14. e4 a4 15. Be3 Qc8 16. Kh2 axb3 17. axb3 Rxa1 18. Qxa1 Nh5 19. Qa7 f5 20. Bxb6 cxb6 21. Qxb6 f4 22. Nb5 Rf6 23. Qc7 Qf8 24. g4 Bxb5 25. gxh5 Rf7 26. Qa5 Bd7 27. Nf3 g5 28. Ra1 Bf6 29. Qa8 Bd8 30. Qb8 Qe7 31. Ra8 Rf8 32. b4 g4 33. hxg4 Bxg4 34. Kg1 Qg7 35. Kf1 Be7 36. Qb7 Bxh5 37. Rxf8+ Qxf8 38. Qd7 Qe8 39. Qxe8+ Bxe8 40. Ne1 Ba4 41. Ke2 Kf8 42. Bf3 Bd7 43. Nd3 Ke8 44. Bh5+ Kd8 45. Kd2 Kc7 46. c5 Bb5 47. c6 Bxd3 48. Kxd3 1/2-1/2

[Event "Poznan op 21st"]
[Site "Poznan"]
[Date "2013.08.13"]
[Round "8"]
[White "Paczka, Patryk"]
[Black "Urban, Klaudiusz"]
[Result "1/2-1/2"]
[WhiteElo "1774"]
[BlackElo "2449"]
[PlyCount "37"]
[EventDate "2013.08.07"]
[EventType "swiss"]
[EventRounds "9"]
[EventCountry "POL"]
[SourceTitle "CBM 155 Extra"]
[Source "ChessBase"]
[SourceDate "2013.08.26"]
[SourceVersion "1"]
[SourceVersionDate "2013.08.26"]
[SourceQuality "1"]

1. e4 c6 2. d4 d5 3. Nc3 a6 4. e5 Bf5 5. g4 Bd7 6. Na4 e6 7. c3 Qc7 8. f4 Ne7 9. Bd3 b6 10. Be3 g6 11. h4 h5 12. gxh5 Rxh5 13. Ne2 Nf5 14. Bxf5 exf5 15. Ng3 Rh6 16. Qb3 b5 17. Nc5 Be6 18. Qd1 Nd7 19. b4 1/2-1/2

[Event "Poznan op 21st"]
[Site "Poznan"]
[Date "2013.08.10"]
[Round "4"]
[White "Paczka, Patryk"]
[Black "Glatty, Zbigniew"]
[Result "1-0"]
[WhiteElo "1774"]
[BlackElo "1930"]
[PlyCount "136"]
[EventDate "2013.08.07"]
[EventType "swiss"]
[EventRounds "9"]
[EventCountry "POL"]
[SourceTitle "CBM 155 Extra"]
[Source "ChessBase"]
[SourceDate "2013.08.26"]
[SourceVersion "1"]
[SourceVersionDate "2013.08.26"]
[SourceQuality "1"]

1. e4 e5 2. Nf3 Nc6 3. d4 exd4 4. Nxd4 Nf6 5. Nxc6 bxc6 6. e5 Qe7 7. Qe2 Nd5 8. c4 Ba6 9. b3 g6 10. g3 Bg7 11. Bb2 Nb4 12. a3 Nd5 13. Bg2 0-0 14. 0-0 Rab8 15. Qc2 Nb6 16. Re1 Rfe8 17. Nd2 Bb7 18. Nf3 c5 19. Bc3 Qf8 20. a4 d5 21. exd6 cxd6 22. Rad1 Bxc3 23. Rxe8 Qxe8 24. Qxc3 Qe7 25. a5 Na8 26. Re1 Qd8 27. h4 h6 28. Qd2 Qf8 29. Qf4 Kg7 30. g4 Nc7 31. g5 h5 32. a6 Bc8 33. Nd2 Bf5 34. Ne4 Ne6 35. Qxd6 Qxd6 36. Nxd6 Rxb3 37. Nb5 Nf4 38. Ra1 Nxg2 39. Kxg2 Rb4 40. Nxa7 Rxc4 41. Nb5 Be4+ 42. f3 Bc6 43. a7 Rg4+ 44. Kf2 Rxh4 45. a8Q Bxa8 46. Rxa8 Rh2+ 47. Kg3 Rd2 48. Nc3 f5 49. Ra7+ Kg8 50. Rc7 Rd6 51. Rxc5 Kf7 52. Re5 h4+ 53. Kf2 Rd2+ 54. Re2 Rd3 55. Re3 Rd2+ 56. Ne2 Rd1 57. Nf4 Rh1 58. Kg2 Ra1 59. Re6 Ra2+ 60. Kh3 Ra3 61. Rf6+ Kg7 62. Rxg6+ Kh7 63. Rh6+ Kg8 64. Kg2 Ra2+ 65. Kg1 Ra3 66. Kf2 Ra2+ 67. Ne2 Kg7 68. Rxh4 Kg6 1-0

[Event "POL-chT 3rd League Wielkopolska 12/13"]
[Site "Poznan"]
[Date "2013.03.10"]
[Round "11.8"]
[White "Miszczak, Mateusz"]
[Black "Paczka, Patryk"]
[Result "1-0"]
[WhiteElo "1974"]
[BlackElo "1773"]
[PlyCount "67"]
[EventDate "2012.11.25"]
[EventType "team-tourn"]
[EventRounds "11"]
[EventCountry "POL"]
[SourceTitle "EXT 2014"]
[Source "ChessBase"]
[SourceDate "2013.11.20"]
[SourceVersion "1"]
[SourceVersionDate "2013.11.20"]
[SourceQuality "1"]
[WhiteTeam "Rawicz Korona Rawbud"]
[BlackTeam "Trzcianka MKS przy MDK"]
[WhiteTeamCountry "POL"]
[BlackTeamCountry "POL"]

1. d4 Nf6 2. c4 g6 3. g3 Bg7 4. Bg2 0-0 5. Nf3 d6 6. 0-0 Nc6 7. Nc3 Bg4 8. h3 Bxf3 9. Bxf3 Nd7 10. e3 e5 11. Ne2 Qf6 12. Bxc6 bxc6 13. b3 exd4 14. exd4 c5 15. Be3 Rfe8 16. Rc1 Qf3 17. Qd2 cxd4 18. Nxd4 Qe4 19. Rce1 c5 20. f3 Qe5 21. Bf2 Qh5 22. Nc6 Ne5 23. Nxe5 Bxe5 24. Kg2 Qf5 25. f4 Bf6 26. Qxd6 Red8 27. Qxc5 Qc2 28. Qc6 Bc3 29. Rc1 Qb2 30. Qf3 Bb4 31. c5 Rac8 32. c6 Rd2 33. c7 Re2 34. Qb7 1-0

[Event "POL-chT 3rd League Wielkopolska 12/13"]
[Site "Poznan"]
[Date "2013.02.03"]
[Round "6.16"]
[White "Paczka, Patryk"]
[Black "Szymanski, Leszek"]
[Result "0-1"]
[WhiteElo "1773"]
[BlackElo "1738"]
[PlyCount "88"]
[EventDate "2012.11.25"]
[EventType "team-tourn"]
[EventRounds "11"]
[EventCountry "POL"]
[SourceTitle "EXT 2014"]
[Source "ChessBase"]
[SourceDate "2013.11.20"]
[SourceVersion "1"]
[SourceVersionDate "2013.11.20"]
[SourceQuality "1"]
[WhiteTeam "Trzcianka MKS przy MDK"]
[BlackTeam "Poznan Lech"]
[WhiteTeamCountry "POL"]
[BlackTeamCountry "POL"]

1. e4 c5 2. Nf3 d6 3. d4 cxd4 4. Nxd4 Nf6 5. Nc3 a6 6. Bg5 e6 7. f4 Be7 8. Qf3 Nc6 9. Nb3 Qc7 10. Bd3 b5 11. 0-0 0-0 12. Rae1 Bb7 13. a3 Rac8 14. Qh3 g6 15. e5 Nh5 16. Bxe7 Nxe7 17. Kh1 Ng7 18. Nd4 Ngf5 19. Nf3 Kg7 20. Ng5 Rh8 21. exd6 Qxd6 22. Kg1 h6 23. Nge4 Qd4+ 24. Rf2 h5 25. Ng5 Nh6 26. Kf1 Ng4 27. Rfe2 Qxf4+ 28. Nf3 Nf5 29. Bxf5 exf5 30. Re7 Bxf3 31. gxf3 Nf6 32. Qg2 Rhe8 33. R7e2 Rxe2 34. Qxe2 Re8 35. Qd3 Rxe1+ 36. Kxe1 Qxh2 37. Ne2 h4 38. Qe3 h3 39. Qf2 Qe5 40. Qg3 Qxb2 41. Qxh3 Qa1+ 42. Kd2 Qxa3 43. Qg3 Qb4+ 44. Nc3 Qd4+ 0-1

[Event "Liberec Desko op"]
[Site "Liberec"]
[Date "2012.07.22"]
[Round "3"]
[White "Kaderabek, Jiri"]
[Black "Paczka, Patryk"]
[Result "1/2-1/2"]
[WhiteElo "2214"]
[BlackElo "1799"]
[PlyCount "46"]
[EventDate "2012.07.21"]
[EventType "swiss"]
[EventRounds "9"]
[EventCountry "CZE"]
[SourceTitle "CBM 149 Extra"]
[Source "ChessBase"]
[SourceDate "2012.08.24"]
[SourceVersion "1"]
[SourceVersionDate "2012.08.24"]
[SourceQuality "1"]

1. d4 Nf6 2. Nf3 g6 3. c4 d6 4. Nc3 Bg7 5. e4 0-0 6. Be2 e5 7. 0-0 Nc6 8. dxe5 Nxe5 9. Nxe5 dxe5 10. Qc2 c6 11. Be3 Qe7 12. Rfd1 Ng4 13. Bxg4 Bxg4 14. Rd2 Rfd8 15. f3 Rxd2 16. Qxd2 Rd8 17. Qf2 Be6 18. Bc5 Qd7 19. Bxa7 Qd3 20. Qh4 Rd4 21. Rd1 Qe3+ 22. Qf2 Rxd1+ 23. Nxd1 Qc1 1/2-1/2

[Event "Wroclaw op-B 7th"]
[Site "Wroclaw"]
[Date "2012.07.10"]
[Round "9"]
[White "Jagiela, Piotr"]
[Black "Paczka, Patryk"]
[Result "1/2-1/2"]
[WhiteElo "1812"]
[BlackElo "1780"]
[PlyCount "71"]
[EventDate "2012.07.02"]
[EventType "swiss"]
[EventRounds "9"]
[EventCountry "POL"]
[SourceTitle "EXT 2013"]
[Source "ChessBase"]
[SourceDate "2012.11.22"]
[SourceVersion "1"]
[SourceVersionDate "2012.11.22"]
[SourceQuality "1"]

1. c4 g6 2. Nc3 Bg7 3. g3 Nf6 4. Bg2 0-0 5. d4 d6 6. e4 e5 7. Nge2 Nc6 8. d5 Ne7 9. 0-0 Nd7 10. Be3 f5 11. Qd2 b6 12. Bh6 Nf6 13. Bxg7 Kxg7 14. f4 Nd7 15. Rf2 Ng8 16. Raf1 Qe7 17. b3 Nh6 18. h3 exf4 19. Nxf4 Nc5 20. Re2 Qf6 21. b4 Nb7 22. Nb5 Rf7 23. Nd4 Nd8 24. Rfe1 Re7 25. exf5 Rxe2 26. Rxe2 Nxf5 27. Nxf5+ Bxf5 28. Qe3 Rb8 29. g4 Bd7 30. Rf2 Qe5 31. Qf3 Qe7 32. Qc3+ Qe5 33. Qf3 Qe7 34. Re2 Qf6 35. Rf2 Qe7 36. Qc3+ 1/2-1/2

[Event "Wroclaw op-B 7th"]
[Site "Wroclaw"]
[Date "2012.07.07"]
[Round "6"]
[White "Paczka, Patryk"]
[Black "Jasniewicz, Rafal"]
[Result "1-0"]
[WhiteElo "1780"]
[BlackElo "1638"]
[PlyCount "42"]
[EventDate "2012.07.02"]
[EventType "swiss"]
[EventRounds "9"]
[EventCountry "POL"]
[SourceTitle "EXT 2013"]
[Source "ChessBase"]
[SourceDate "2012.11.22"]
[SourceVersion "1"]
[SourceVersionDate "2012.11.22"]
[SourceQuality "1"]

1. e4 d6 2. d4 Nf6 3. Nc3 g6 4. f4 Bg7 5. Nf3 0-0 6. e5 dxe5 7. fxe5 Nfd7 8. Bf4 Nb6 9. Qd2 Nd5 10. Bh6 Bg4 11. Ne4 b6 12. Bxg7 Kxg7 13. c4 Bxf3 14. gxf3 Nb4 15. Qxb4 Nc6 16. Qc3 Qxd4 17. Qxd4 Nxd4 18. Kf2 f5 19. Nc3 c6 20. Rd1 Rfd8 21. Ne2 c5 1-0